=LDR 00000nam 2200000 4500 =001 INLIS000000000042896 =005 20131008015717 =008 ***********************************Ind** =035 ##$$0010-101300000000818 =041 ##$$a Ind =082 ##$$a 664.02 =090 ##$$a 664.02, HFS h.3 =100 ##$$a Tjokroadikoesoemo, P.Soebiyanto =245 ##$$a HFS dan Industri Ubi Kayu Lainnya, P. Soebiyanto Tjokroadikoesoemo =260 ##$$a 1086 $b Jakarta =300 ##$$a 229 hlm, Ilus, 23.5 cm =850 ##$$a NBPNMAT